| 000 | 01025cam a2200205 4500 | ||
|---|---|---|---|
| 001 | WB3926-04 | ||
| 008 | 030710n2003 000 0 eng u | ||
| 035 | _a(Sirsi) u122972 | ||
| 245 | _a50 centres retail rents -first quarter 2003 | ||
| 260 | _c2003 | ||
| 490 |
_aJLL 50 Centres Retail Rents _vJuly 2003 (8) |
||
| 520 | _aThe latest Jones Lang Lasalle "50 centres retail rents" guide covering the six months to March 2003 has been published. The guide is compiled on the basis of the analysis of rental data from 100 towns and cities, of which the top 50 are selected. It covers centres in England, Wales and Scotland but excludes central London. Register gratis on the Jones Lang Lasalle website at http://www.joneslanglasalle.co.uk/ to view the report | ||
| 590 | _aWB | ||
| 650 | _aPROPERTY-COMMERCIAL PROPERTY-RETAIL PROPERTY-RETAIL PROPERTY MARKET | ||
| 650 | _aRETAIL RENTS | ||
| 650 | _aRANKINGS | ||
| 650 | _aPRIME RENTS | ||
| 690 | _aPROPERTY-COMMERCIAL PROPERTY-COMMERCIAL PROPERTY MARKET | ||
| 942 | _n0 | ||
| 999 |
_c73023 _d73023 |
||